000 01019cam a22003254a 4500
001 1763
003 FISKH
005 20230929160911.0
008 110726s2012 nyua j b 001 0 eng
010 _a 2011031703
020 _a9780531208601 (library binding)
020 _a9780531209295 (pbk.)
040 _aDLC
_cDLC
_beng
042 _apcc
050 0 0 _aQE862.O65
_bM246 2012
082 0 0 _a567.915/3
_223
100 1 _aMara, Wil.
245 1 0 _aStegosaurus /
_cby Wil Mara.
260 _aNew York :
_bScholastic,
_c2012.
300 _a32 pages :
_bcolor illustrations ;
_c19 cm.
490 0 _aRookie read-about dinosaurs
505 _aG
520 _aDescribes the stegosaurus and how it lived in its own time.
521 8 _a380
_bLexile
521 8 _aN
_bRaz-Plus
650 0 _aStegosaurus
_vJuvenile literature.
906 _a7
_bcbc
_corignew
_d1
_eecip
_f20
_gy-gencatlg
942 _2ddc
_cBK
_n0
999 _c1763
_d1763